El menor ante la violencia: procesos de victimización.

Saved in:
书目详细资料
主要作者: Villanueva Badenes, Lidón
其他作者: Clemente Estevan, Rosa Ana
格式: 图书
语言:西班牙语
出版: Castellón, España Universitat Jaume 2002
版:1a. ed
丛编:Col-lecció Psique. 4
主题:
标签: 添加标签
没有标签, 成为第一个标记此记录!

MARC

LEADER 00000nam a2200000 a 4500
001 UCG5253
003 CL-VaPUC
005 20220421074149.0
008 110120e20020000SP |||||||||||||||||spa|d
999 |c 343812  |d 343810 
020 |a 8480213752 
040 |c Pontificia Universidad Católica de Valparaíso 
082 0 4 |a 364.15554 VIL 2002  |2 21 
100 0 |a Villanueva Badenes, Lidón  |9 554888 
245 1 3 |a El menor ante la violencia: procesos de victimización. 
250 |a 1a. ed 
260 0 3 |a Castellón, España  |b Universitat Jaume  |c 2002 
300 |a 169 páginas 
490 0 |a Col-lecció Psique.  |v 4 
583 |a last modification  |c 20110120 00:00:00  |k Rodrigo Vera 
650 0 |a Maltrato infantil  |9 324690 
650 0 |a Violencia intrafamiliar  |9 312986 
650 0 |a Delitos  |9 224143 
650 0 |a Abuso sexual  |9 475641 
700 0 |a Clemente Estevan, Rosa Ana  |9 554889 
942 |c BK  |2 ddc 
945 |d 20110120 00:00:00  |a cmena 
952 |0 0  |1 0  |2 ddc  |4 0  |6 364_155540000000000_VIL_2002  |7 0  |8 A  |9 441432  |a BIBGIM  |b BIBGIM  |d 2019-11-22  |i 4750659  |o 364.15554 VIL 2002  |p 4750659  |r 2025-01-15  |t 1  |w 2019-11-22  |y BK  |k SSL